000 01663cam a22004097a 4500
001 17060080
003 OSt
005 20230923152717.0
008 111128s2013 mau 000 0 eng d
010 _a 2011944305
020 _a9788131525760
020 _a9781111827069
020 _a1111827060
035 _a(OCoLC)ocn785847811
040 _aLWU
_cLWU
_dOCLCO
_dDLC
042 _alccopycat
050 0 0 _aQA371
_b.Z55 2013
082 _a515.35
_bZIL/D
084 _a413.6
_2njb/9
100 1 _aZill, Dennis G.,
_d1940-
_98631
245 1 0 _aDifferential equations with boundary-value problems /
_cDennis G. Zill, Warren S. Wright, Michael R. Cullen.
250 _a8th ed.
260 _aBoston, MA :
_bBrooks/Cole, Cengage Learning,
_cc2013.
300 _axv, P-28, 549, APP-23, ANS-32, I-11 p. :
_bcol. ill., col. maps ;
_c29 cm.
504 _aIncludes bibliographical references and index.
650 0 _aDifferential equations
_vTextbooks.
650 0 _aBoundary value problems
_vTextbooks.
700 1 _aWright, Warren S.
700 1 _aCullen, Michael R.
856 4 1 _3Table of contents only
_uhttp://www.loc.gov/catdir/enhancements/fy1303/2011944305-t.html
856 4 2 _3Contributor biographical information
_uhttp://www.loc.gov/catdir/enhancements/fy1303/2011944305-b.html
856 4 2 _3Publisher description
_uhttp://www.loc.gov/catdir/enhancements/fy1303/2011944305-d.html
906 _a7
_bcbc
_ccopycat
_d3
_eepcn
_f20
_gy-gencatlg
942 _2ddc
_cBK
_h515.35
_iZIL/D
_k515.35
_mZIL/D
999 _c42314
_d42314